Вып. 108 : Аннотированный указатель литературы по математической картографии и картометрии; Труды центрального научно-исследовательского института геодезии, аэросъемки и картографии

מידע ביבליוגרפי
Parent link:Труды центрального научно-исследовательского института геодезии, аэросъемки и картографии. Вып. 108 : Аннотированный указатель литературы по математической картографии и картометрии.— , 1932-
מחברים אחרים: Гедымин А. В. (редактор)
שפה:רוסית
יצא לאור: 1955
נושאים:
פורמט: ספר
KOHA link:https://koha.lib.tpu.ru/cgi-bin/koha/opac-detail.pl?biblionumber=356636

MARC

LEADER 00000nam2a2200000 4500
001 356636
005 20231102010919.0
035 |a (RuTPU)RU\TPU\retro\13896 
035 |a RU\TPU\retro\13887 
090 |a 356636 
100 |a 20200722d1955 k y0rusy50 ca 
101 0 |a rus 
102 |a RU 
105 |a a z 001zy 
200 0 |a Вып. 108 : Аннотированный указатель литературы по математической картографии и картометрии  |f под ред. А. В. Гедымина 
210 |d 1955 
215 |a 64 с.  |c ил., карты 
320 |a Библиогр. в конце ст. 
461 1 |0 (RuTPU)RU\TPU\retro\13561  |t Труды центрального научно-исследовательского института геодезии, аэросъемки и картографии  |v Вып. 108 : Аннотированный указатель литературы по математической картографии и картометрии  |d 1932- 
606 1 |a Геодезия прикладная  |2 stltpush  |3 (RuTPU)RU\TPU\subj\6026  |9 33992 
610 1 |a дореволюционный период 
610 1 |a советский период 
610 1 |a учебная литература 
610 1 |a справочники 
610 1 |a математическая картография 
610 1 |a картометрия 
675 |a 669.715  |v 4 
702 1 |a Гедымин  |b А. В.  |4 340 
801 1 |a RU  |b 63413507  |c 20160708 
801 2 |a RU  |b 63413507  |c 20200722  |g RCR 
942 |c BK